Consumer lifestyles-Malaysia : Euromonitor GMID :

Bibliographic Details
Format: Book
Published: London: Euromonitor, 2006.
Subjects:
LEADER 00593cam a2200157 7i4500
001 0000020079
005 20071227090000.0
090 0 0 |a M 658.834   |b COW 
245 0 0 |a Consumer lifestyles-Malaysia :   |b Euromonitor GMID :   |b Euromonitor GMID :   |b Market Report :   |b Euromonitor GMID :   |b Market Report :   |b October 2006. 
260 0 0 |a London:   |b Euromonitor,   |c 2006. 
300 # # |a 80 p. 
650 0 0 |a Consumer --   |x Research --   |z Malaysia  
650 0 0 |a Consumer behavior --   |z Malaysia  
650 0 0 |a Consumer lifestyles --   |z Malaysia  
651 0 0 |a Malaysia  
999 |a B000019934  |b Book  |c Malaysia  |e Business Information Centre